| 000 | 00473nam a2200169Ia 4500 | ||
|---|---|---|---|
| 999 |
_c28760 _d28760 |
||
| 003 | OSt | ||
| 005 | 20210111095859.0 | ||
| 008 | 190216s9999||||xx |||||||||||||| ||und|| | ||
| 040 | _coclc | ||
| 082 |
_a894.8127 _bMOH/K |
||
| 100 |
_aMohan, Nooranad _98180 |
||
| 245 | 0 |
_aKunthrandangal / _cNooranad Mohan |
|
| 260 |
_bDimple Books, _aAlappuzha: _c2006. |
||
| 300 | _a80p | ||
| 650 | _aKathakal | ||
| 942 |
_cBK _2ddc _h894.8127 _iMOH/K _k894.8127 _mMOH/K |
||